00429pab a2200145 454500008004000000100001800040245009800058260000900156300001300165362001200178650001800190650001500208700002700223773003300250180718b2007 xxu||||| |||| 00| 0 eng d aBuelens, Marc aAn analysis of differences in work motivation between public and private sector organizations c2007 ap.65-74. aJan-Feb aOrganizations aMotivation aBroeck, Herman Van den aPublic Administration Review